| 000 | 02534nam a22003617a 4500 | ||
|---|---|---|---|
| 005 | 20091214094234.0 | ||
| 008 | 091214t xxu||||| |||| 00| 0 eng d | ||
| 010 | _aB-379704-714 | ||
| 020 |
_a9788184510195 _c200.00 |
||
| 035 | _aB-379704-714 | ||
| 037 | _bUBH | ||
| 040 |
_adpl _bEnglish |
||
| 082 | _a503 | ||
| 245 |
_aAnimal friends / _ccompiled by Ruchi Batra |
||
| 260 |
_aNew Delhi _bDreamland Publications _c2008 |
||
| 270 |
_aJ-128, Kirti Nagar, _bNew Delhi _e110015 |
||
| 300 |
_a80p.: _bcol. ill. _c28cm(Hb) |
||
| 490 |
_aKid's first library of knowledge _vbook-1 |
||
| 700 | _aBatra, Ruchi | ||
| 942 |
_2ddc _cCH _mANI _h503 |
||
| 999 |
_c32693 _d32693 |
||